<?xml version="1.0" encoding="UTF-8"?>
<record
    xmlns:xsi="http://www.w3.org/2001/XMLSchema-instance"
    xsi:schemaLocation="http://www.loc.gov/MARC21/slim http://www.loc.gov/standards/marcxml/schema/MARC21slim.xsd"
    xmlns="http://www.loc.gov/MARC21/slim">

  <leader>02079nas a2200337 i 4500</leader>
  <controlfield tag="001">49682</controlfield>
  <controlfield tag="003">DR-UNIBE</controlfield>
  <controlfield tag="005">20260217130626.0</controlfield>
  <controlfield tag="007">ta</controlfield>
  <controlfield tag="008">260217e2015    dr an|p|r||||||0| | spa d</controlfield>
  <datafield tag="022" ind1=" " ind2=" ">
    <subfield code="a">2410-3640</subfield>
  </datafield>
  <datafield tag="040" ind1=" " ind2=" ">
    <subfield code="a">BIBLIOTECA UNIBE</subfield>
    <subfield code="c">BIBLIOTECA UNIBE</subfield>
  </datafield>
  <datafield tag="041" ind1=" " ind2=" ">
    <subfield code="a">spa</subfield>
  </datafield>
  <datafield tag="110" ind1=" " ind2=" ">
    <subfield code="a">Fundaci&#xF3;n Global Democracia y Desarrollo (FUNGLODE)</subfield>
    <subfield code="9">89031</subfield>
  </datafield>
  <datafield tag="245" ind1=" " ind2=" ">
    <subfield code="a">Anuario dominicano de propiedad intelectual (ANUDOPI) /</subfield>
    <subfield code="c">Fundaci&#xF3;n Global Democracia y Desarrollo (FUNGLODE).</subfield>
  </datafield>
  <datafield tag="264" ind1=" " ind2=" ">
    <subfield code="a">Santo Domingo, Rep&#xFA;blica Dominicana : </subfield>
    <subfield code="b">Fundaci&#xF3;n Global Democracia y Desarrollo (FUNGLODE), </subfield>
    <subfield code="c">2015.</subfield>
  </datafield>
  <datafield tag="300" ind1=" " ind2=" ">
    <subfield code="a">vol&#xFA;menes ;</subfield>
    <subfield code="c">15 x 23 cm.</subfield>
  </datafield>
  <datafield tag="310" ind1=" " ind2=" ">
    <subfield code="a">Anual.</subfield>
  </datafield>
  <datafield tag="336" ind1=" " ind2=" ">
    <subfield code="a">texto</subfield>
    <subfield code="b">txt</subfield>
    <subfield code="2">rdacontent</subfield>
  </datafield>
  <datafield tag="337" ind1=" " ind2=" ">
    <subfield code="a">sin mediaci&#xF3;n </subfield>
    <subfield code="b">n</subfield>
    <subfield code="2">rdamedia</subfield>
  </datafield>
  <datafield tag="338" ind1=" " ind2=" ">
    <subfield code="a">volumen</subfield>
    <subfield code="b">nc </subfield>
    <subfield code="2">rdacarrier</subfield>
  </datafield>
  <datafield tag="362" ind1=" " ind2=" ">
    <subfield code="a">N&#xFA;mero 2 (agosto 2015) - n&#xFA;mero 3 (agosto 2016) - n&#xFA;mero 4 (agosto 2017)- n&#xFA;mero 5 (octubre 2018).</subfield>
  </datafield>
  <datafield tag="500" ind1=" " ind2=" ">
    <subfield code="a">Catalogaci&#xF3;n basada en el N&#xFA;mero 2 (agosto 2015).</subfield>
  </datafield>
  <datafield tag="520" ind1=" " ind2=" ">
    <subfield code="a">El Anuario Dominicano de Propiedad Intelectual es una publicaci&#xF3;n anual de la Fundaci&#xF3;n Global Democracia y Desarrollo (Funglode) especializada en temas relacionados con la propiedad intelectual. El anudopi tiene como objetivo difundir las ideas de autores nacionales e internacionales, trabajos de investigaci&#xF3;n, y el an&#xE1;lisis de jurisprudencia para ofrecer un panorama te&#xF3;rico y pr&#xE1;ctico que promueva el estudio de la propiedad intelectual e industrial.
Nos dirigimos a una audiencia integrada por juristas, profesionales vinculados al area legal y cualquier p&#xFA;blico con inter&#xE9;s en estas tem&#xE1;ticas.</subfield>
  </datafield>
  <datafield tag="650" ind1=" " ind2=" ">
    <subfield code="a">Derechos de autor</subfield>
    <subfield code="x">Legislaci&#xF3;n</subfield>
    <subfield code="v">Publicaciones peri&#xF3;dicas</subfield>
    <subfield code="9">30188</subfield>
    <subfield code="z">Rep&#xFA;blica Dominicana</subfield>
  </datafield>
  <datafield tag="650" ind1=" " ind2=" ">
    <subfield code="a">Derechos de autor</subfield>
    <subfield code="v">Publicaciones peri&#xF3;dicas</subfield>
    <subfield code="z">Rep&#xFA;blica Dominicana</subfield>
    <subfield code="9">179227</subfield>
  </datafield>
  <datafield tag="650" ind1=" " ind2=" ">
    <subfield code="a">Propiedad industrial</subfield>
    <subfield code="v">Publicaciones peri&#xF3;dicas</subfield>
    <subfield code="z">Rep&#xFA;blica Dominicana</subfield>
    <subfield code="9">179228</subfield>
  </datafield>
  <datafield tag="650" ind1=" " ind2=" ">
    <subfield code="a">Protecci&#xF3;n al dise&#xF1;o</subfield>
    <subfield code="9">58627</subfield>
    <subfield code="v">Publicaciones peri&#xF3;dicas</subfield>
    <subfield code="z">Rep&#xFA;blica Dominicana</subfield>
  </datafield>
  <datafield tag="655" ind1=" " ind2=" ">
    <subfield code="a">Publicaciones peri&#xF3;dicas</subfield>
    <subfield code="9">154532</subfield>
  </datafield>
  <datafield tag="942" ind1=" " ind2=" ">
    <subfield code="2">ddc</subfield>
    <subfield code="c">ISSUE</subfield>
  </datafield>
  <datafield tag="952" ind1=" " ind2=" ">
    <subfield code="0">0</subfield>
    <subfield code="1">0</subfield>
    <subfield code="2">ddc</subfield>
    <subfield code="4">0</subfield>
    <subfield code="5">6</subfield>
    <subfield code="7">0</subfield>
    <subfield code="8">SE</subfield>
    <subfield code="a">BNPHU</subfield>
    <subfield code="b">BNPHU</subfield>
    <subfield code="d">2026-02-17</subfield>
    <subfield code="h">N&#xFA;mero 2 (agosto 2015) </subfield>
    <subfield code="l">0</subfield>
    <subfield code="p">2026-1255</subfield>
    <subfield code="r">2026-02-17</subfield>
    <subfield code="t">e.1</subfield>
    <subfield code="w">2026-02-17</subfield>
    <subfield code="y">ISSUE</subfield>
  </datafield>
  <datafield tag="952" ind1=" " ind2=" ">
    <subfield code="0">0</subfield>
    <subfield code="1">0</subfield>
    <subfield code="2">ddc</subfield>
    <subfield code="4">0</subfield>
    <subfield code="5">6</subfield>
    <subfield code="7">0</subfield>
    <subfield code="8">SE</subfield>
    <subfield code="a">BNPHU</subfield>
    <subfield code="b">BNPHU</subfield>
    <subfield code="d">2026-02-17</subfield>
    <subfield code="h">N&#xFA;mero 2 (agosto 2015) </subfield>
    <subfield code="l">0</subfield>
    <subfield code="p">2026-1256</subfield>
    <subfield code="r">2026-02-17</subfield>
    <subfield code="t">e.2</subfield>
    <subfield code="w">2026-02-17</subfield>
    <subfield code="y">ISSUE</subfield>
  </datafield>
  <datafield tag="952" ind1=" " ind2=" ">
    <subfield code="0">0</subfield>
    <subfield code="1">0</subfield>
    <subfield code="2">ddc</subfield>
    <subfield code="4">0</subfield>
    <subfield code="5">6</subfield>
    <subfield code="7">0</subfield>
    <subfield code="8">SE</subfield>
    <subfield code="a">BNPHU</subfield>
    <subfield code="b">BNPHU</subfield>
    <subfield code="d">2026-02-17</subfield>
    <subfield code="h">N&#xFA;mero 3 (agosto 2016) </subfield>
    <subfield code="l">0</subfield>
    <subfield code="p">2026-1257</subfield>
    <subfield code="r">2026-02-17</subfield>
    <subfield code="t">e.1</subfield>
    <subfield code="w">2026-02-17</subfield>
    <subfield code="y">ISSUE</subfield>
  </datafield>
  <datafield tag="952" ind1=" " ind2=" ">
    <subfield code="0">0</subfield>
    <subfield code="1">0</subfield>
    <subfield code="2">ddc</subfield>
    <subfield code="4">0</subfield>
    <subfield code="5">6</subfield>
    <subfield code="7">0</subfield>
    <subfield code="8">SE</subfield>
    <subfield code="a">BNPHU</subfield>
    <subfield code="b">BNPHU</subfield>
    <subfield code="d">2026-02-17</subfield>
    <subfield code="h">N&#xFA;mero 3 (agosto 2016) </subfield>
    <subfield code="l">0</subfield>
    <subfield code="p">2026-1258</subfield>
    <subfield code="r">2026-02-17</subfield>
    <subfield code="t">e.2</subfield>
    <subfield code="w">2026-02-17</subfield>
    <subfield code="y">ISSUE</subfield>
  </datafield>
  <datafield tag="952" ind1=" " ind2=" ">
    <subfield code="0">0</subfield>
    <subfield code="1">0</subfield>
    <subfield code="2">ddc</subfield>
    <subfield code="4">0</subfield>
    <subfield code="5">6</subfield>
    <subfield code="7">0</subfield>
    <subfield code="8">SE</subfield>
    <subfield code="a">BNPHU</subfield>
    <subfield code="b">BNPHU</subfield>
    <subfield code="d">2026-02-17</subfield>
    <subfield code="h">N&#xFA;mero 4 (agosto 2017) </subfield>
    <subfield code="l">0</subfield>
    <subfield code="p">2026-1259</subfield>
    <subfield code="r">2026-02-17</subfield>
    <subfield code="t">e.1</subfield>
    <subfield code="w">2026-02-17</subfield>
    <subfield code="y">ISSUE</subfield>
  </datafield>
  <datafield tag="952" ind1=" " ind2=" ">
    <subfield code="0">0</subfield>
    <subfield code="1">0</subfield>
    <subfield code="2">ddc</subfield>
    <subfield code="4">0</subfield>
    <subfield code="5">6</subfield>
    <subfield code="7">0</subfield>
    <subfield code="8">SE</subfield>
    <subfield code="a">BNPHU</subfield>
    <subfield code="b">BNPHU</subfield>
    <subfield code="d">2026-02-17</subfield>
    <subfield code="h">N&#xFA;mero 4 (agosto 2017) </subfield>
    <subfield code="l">0</subfield>
    <subfield code="p">2026-1260</subfield>
    <subfield code="r">2026-02-17</subfield>
    <subfield code="t">e.2</subfield>
    <subfield code="w">2026-02-17</subfield>
    <subfield code="y">ISSUE</subfield>
  </datafield>
  <datafield tag="952" ind1=" " ind2=" ">
    <subfield code="0">0</subfield>
    <subfield code="1">0</subfield>
    <subfield code="2">ddc</subfield>
    <subfield code="4">0</subfield>
    <subfield code="5">6</subfield>
    <subfield code="7">0</subfield>
    <subfield code="8">SE</subfield>
    <subfield code="a">BNPHU</subfield>
    <subfield code="b">BNPHU</subfield>
    <subfield code="d">2026-02-17</subfield>
    <subfield code="h">N&#xFA;mero 5 (octubre 2018) </subfield>
    <subfield code="l">0</subfield>
    <subfield code="p">2026-1261</subfield>
    <subfield code="r">2026-02-17</subfield>
    <subfield code="t">e.1</subfield>
    <subfield code="w">2026-02-17</subfield>
    <subfield code="y">ISSUE</subfield>
  </datafield>
  <datafield tag="952" ind1=" " ind2=" ">
    <subfield code="0">0</subfield>
    <subfield code="1">0</subfield>
    <subfield code="2">ddc</subfield>
    <subfield code="4">0</subfield>
    <subfield code="5">6</subfield>
    <subfield code="7">0</subfield>
    <subfield code="8">SE</subfield>
    <subfield code="a">BNPHU</subfield>
    <subfield code="b">BNPHU</subfield>
    <subfield code="d">2026-02-17</subfield>
    <subfield code="h">N&#xFA;mero 5 (octubre 2018) </subfield>
    <subfield code="l">0</subfield>
    <subfield code="p">2026-1262</subfield>
    <subfield code="r">2026-02-17</subfield>
    <subfield code="t">e.2</subfield>
    <subfield code="w">2026-02-17</subfield>
    <subfield code="y">ISSUE</subfield>
  </datafield>
  <datafield tag="999" ind1=" " ind2=" ">
    <subfield code="c">60340</subfield>
    <subfield code="d">60340</subfield>
  </datafield>
</record>
